| 000 | 01013cab a2200217 4500 | ||
|---|---|---|---|
| 001 | ABS59498 | ||
| 008 | 090401t1998 xxu||||| |||| 00| 0 eng d | ||
| 035 | _a(Sirsi) u89235 | ||
| 041 | _aeng | ||
| 245 | _aCalcott v JS Bloor (Measham) Ltd | ||
| 260 | _c1998 | ||
| 350 | _a0 | ||
| 490 |
_aEstates Gazette _v[1998] 40 EG 180-182(3) |
||
| 520 | _aCA 17 February 1998. C held an agriculural tenancy by agreement dated 11 June 1993, due to expire on 30 November 1993. This was a backdated agreement, but was caught by the provisions under the Agricultural Holdings Act 1986 s2. In 1997 new landlords B gave notice to quit, claiming date of expiry to be 30 November 1998. C contended the expiry to be 11 June 1999. C`s appeal against an earlier decision in favour of B was allowed. | ||
| 650 | _aAGRICULTURAL HOLDINGS ACT 1986 S2 | ||
| 650 | _aCALCOTT V JS BLOOR (MEASHAM) LTD | ||
| 650 | _aEXPIRY DATE | ||
| 690 | _aLANDLORD AND TENANT-CASE LAW-AGRICULTURAL TENANCIES | ||
| 942 | _n0 | ||
| 948 | _c23/10/1998 | ||
| 999 |
_c56439 _d56439 |
||